Acerca del Alma
Gardado en:
| Autor Principal: | |
|---|---|
| Formato: | Libro |
| Idioma: | Undetermined |
| Publicado: |
Madrid, España
Editorial Gredos
1999
|
| Materias: | |
| Etiquetas: |
Engadir etiqueta
Sen Etiquetas, Sexa o primeiro en etiquetar este rexistro!
|
MARC
| LEADER | 00000nam a2200000Ia 4500 | ||
|---|---|---|---|
| 008 | 170316s9999 xx 000 0 und d | ||
| 090 | |a 100 A-36aca | ||
| 100 | |a Aristóteles | ||
| 245 | |a Acerca del Alma | ||
| 260 | |a Madrid, España | ||
| 260 | |b Editorial Gredos | ||
| 260 | |c 1999 | ||
| 300 | |a 262 páginas | ||
| 650 | |a FILOSOFÍA | ||
| 650 | |a ARISTÓTELES - VIDA | ||
| 650 | |a ARISTÓTELES - ÉPOCA | ||
| 650 | |a ARISTÓTELES - OBRAS | ||
| 650 | |a PENSAMIENTO ARISTOTÉLICO | ||
| 650 | |a ARISTÓTELES - FILOSOFÍA | ||
| 650 | |a ARISTETELES - BIBLIOGRAFIA | ||
| 650 | |a ACERCA DEL ALMA - CONCEPCION DEL ALMA | ||
| 650 | |a TRANSMISIÓN DEL TEXTO | ||
| 999 | |c 15544 |d 15544 | ||
| 040 | |a cru BVZT | ||
| 942 | |c 15 D |h 100 A-36aca |2 z | ||
